000
00403nam a22001697a 4500
003
MPLRDC
005
20220104124650.0
008
210129b ||||| |||| 00| 0 eng d
082
_a
330.39 HZH
100
_a
黄壮侯等著
245
_a
怎样学好初中物理
_c
250
_a
一版一刷
260
_a
_b
广东科技出版社
_c
1983
300
_b
平
650
_a
942
_c
BK
_o
330.39 HZH
999
_c
21158
_d
21148